Quizzes
Events
Quiz Creation
Community
Videos
Private Events
Remove Ads
Sign In
Join for FREE
Feedback
Dark Mode
Quiz Categories
Sports
Geography
Music
Movies
Television
Just For Fun
Miscellaneous
History
Literature
Language
Science
Gaming
Entertainment
Religion
Holiday
For Kids
Quiz Lab
Recent
Popular Today
Quiz Kudos Today
Editor Picks
Curator Picks
Quizzes by...
Day
Popularity
Type
Ratings
Length
Year
Community
Subscriptions
Recent Discussions
Orange Saloon
Badges
Playlists
Quests
Create
Leaderboards
Showdown
Live 5
Trivia Bingo
Activity
Puzzle Library
Sporcle Events
Private Events
Virtual Trivia
Globe League
Become a Host
Pub Owners
SporcleCon
Opinionation
Our Games
Videos
Blog
Mobile Apps
Partnerships
Remove Ads and Go Orange
Feedback
Geography
Country
Landmarks
City
State
Population
World
Capital
Continent
Flags
Europe
Africa
Asia
South America
North America
Oceania
Border
Canada
United Kingdom
Topography
United States
Geography
Country
Landmarks
City
State
Population
World
Capital
Continent
Flags
Europe
Africa
Asia
South America
North America
Oceania
Border
Canada
United Kingdom
Topography
United States
Random Quiz
Search Sporcle
×
Quiz Lab
Quiz Lab
Geography
Capital
Type in answers that appear in a list
Type in answers that appear in a list
Classic
Best Score? Go Orange.
State capitals by vowels only Stats
Can you name the capitals of US states knowing only their vowels?
By
dancastro
8m
46 Questions
170 Plays
170 Plays
170 Plays
Comments
Comments
Give Quiz Kudos
Give Quiz Kudos
-
- Ratings
hide this ad
More Info
Forced Order
Answers have to be entered in order
Answers have to be entered in order
Replay
Link that replays current quiz
Next Quiz
Link to next quiz in quiz playlist
You Got
0%
They Got
Avg Score
81%
Avg Friend Score
Upgrade to see
Score Distribution
Jump to the score distribution portion of the page
Score
0/46
Timer
08:00
0
Plays Today
Vowels
State capital
% Correct
AAAEE
Tallahassee
94.7%
A AE IY
Salt Lake City
93.5%
AAA
Atlanta
91.2%
AO IY
Carson City
91.2%
AA E
Santa Fe
90.6%
AO OUE
Baton Rouge
89.4%
AUI
Austin
89.4%
EEO IY
Jefferson City
89.4%
AAEO
Sacramento
88.8%
AO
Frankfort, Hartford, Jackson
88.2%
AAOI
Annapolis
87.6%
AAY
Albany
87.6%
EYEE
Cheyenne
87.6%
OOUU
Honolulu
87.6%
AE
Salem
86.5%
AI AU
Saint Paul
86.5%
OAOA IY
Oklahoma City
86.5%
OIE
Boise
86.5%
OO
Boston, Concord
86.5%
UEAU
Juneau
85.9%
EE
Denver
85.3%
E OIE
Des Moines
85.3%
AEI
Raleigh
84.1%
Vowels
State capital
% Correct
IEE
Pierre
83.5%
IIAAOI
Indianapolis
83.5%
OYIA
Olympia
83.5%
AUUA
Augusta
82.9%
OEI
Phoenix
81.2%
OEA
Topeka
80%
OE
Dover
79.4%
AIO
Madison
78.8%
OUU
Columbus
78.2%
IE O
Little Rock
77.1%
IO
Lincoln, Richmond
77.1%
EEA
Helena
76.5%
OOEY
Montgomery
76.5%
AI
Lansing
76.5%
OUIA
Columbia
75.3%
OEIE
Montpelier
71.2%
IIE
Springfield
70.6%
IA
Bismarck
68.8%
OIEE
Providence
65.3%
AIE
Nashville
64.1%
AIU
Harrisburg
62.9%
AEO
Charleston
57.1%
EO
Trenton
50.6%
Quiz Playlist
Details
Report
Send in Message
Add To Playlist
More Info:
For the purposes of this quiz, Y is considered a vowel.
Classic:
Type in answers that appear in a list
Forced Order:
Answers have to be entered in order
Last Updated: Feb 16, 2017
Quiz Scoreboard
CHALLENGE
Sign Up to Join the Scoreboard
Show All
Scores
Hide
Comments
May contain spoilers
Recently Published
1-10 Letter E Words III
by El_Dandy
Language
2m
One Thing in Common: World Cities II
by knightlancer
Geography
7m
Popular People in 1961
by mucciniale
History
6m
More to Explore
Quiz From the Vault
Featured Blog Post
Where Did the Easter Bunny Come From?
hide this ad
You Might Also Like...
Tags
Capital Quiz
State Quiz
Vowel
Today's Top Quizzes in Geography
Browse Geography
hide this ad
Today's Top Quizzes in Capital
Browse Capital
Top Contributed Quizzes in Geography
1
Countries of the World - No Outlines Minefield
2
Top 25 Cities of France on a map
3
African Flag Reveal XLV
4
Closest Countries to UK A-Z
5
Blind Secret Country CLXXXVIII
6
Find the US States - No Outlines
7
One Thing in Common: Asia
8
One Thing in Common: United Kingdom
9
One Thing in Common: Geography
10
One Thing in Common: Around the World
Explore More
Trending Topics
Crossword
Disney
Marvel
Kpop
Harry Potter
Anime
NBA
The Office
Country
NFL
Song
Soccer
Puzzle
WWE
Pokémon
hide this ad
More By:
dancastro
Quiz
Plays
Rating
Category
Featured
Created
Longest Countries
193,263
4.66
Geography
Sep 16, 2010
Slimmest Countries
148,281
4.36
Geography
Oct 10, 2010
Eccentric State Capitals
107,249
4.39
Geography
Jan 9, 2011
Nearest Countries With The Same Initial
100,204
4.78
Geography
Nov 3, 2010
Longest Countries II (All-Inclusive)
72,570
4.71
Geography
Oct 3, 2010
Go to Creator's Profile
Score Distribution
Quiz Creator Spotlight
dancastro
Follow
Send a Message
Quizzes Created
-
Created Quiz Play Count
-
More By This Creator
Popular Quizzes Today
1
Find the US States - No Outlines Minefield
2
Find the Countries of Europe - No Outlines Minefield
3
The Countries of the World
4
Popular People in 1961
5
1-10 Letter E Words III
6
Find the US States
7
One Thing in Common: World Cities II
8
US States
More Geography Quizzes
4 to 1 Blitz: Guatemala
Quiz Lab
Trending Quizzes
Risky Map Clicking: Least Populous States A-Z
1-10 Letter F Words
1-10 Letter G Words
One Thing in Common: United Kingdom
Risky Map Clicking: Biggest States A-Z
Recently Updated
Leaping Animals
pecheneg
Reality TV Shows (A-Z)
bhenderson79
Rickey Henderson's Hall of Fame Teammates
pecheneg
Champions League XIs: Arsenal
pecheneg
Quick Pick: Celebrities in WWE's Hall of Fame
aduchscher
A-Z Keypad Blitz II
pecheneg
Multiple Oscar Actors
pecheneg
Mystery Phrase Blitz: Oscar 'Best Actors'
pecheneg
F. Scott Fitzgerald Novels
LTH
Pick 3 Villains
ddd62291
Trending Topics
Crossword
Harry Potter
NBA
Anime
Disney
Marvel
Kpop
Pokémon
NFL
Puzzle
Song
Soccer
Country
The Office
WWE
Your Account Isn't Verified!
In order to create a playlist on Sporcle, you need to verify the email address you used during registration. Go to your
Sporcle Settings
to finish the process.
Report this User
Report this user for behavior that violates our
Community Guidelines
.
Details:
Send Report
Go to the Sporcle.com Mobile Site →
Comments